000 00885cam a2200253 4500
001 ABS63400
008 000000n2001 000 0 eng u
035 _a(Sirsi) u110685
100 _aWhitmore, J.
245 _aUnite is top of the league
260 _c2001
490 _aProperty Week
_v66(2) 12 January 2001, 14-15(2)
520 _aIdentifies the publicly listed property companies whose share prices performed best and worst during the year 2000. Covers companies capitalised at £20m or above and the most successful small and large companies.
590 _aABS
650 _aLEAGUE TABLES
650 _aLISTED COMPANIES
650 _aPROPERTY COMPANIES
650 _aQUOTED COMPANIES
650 _aSHARE PRICES
650 _aSHARES
650 _aSTOCK MARKET
690 _aPROPERTY-COMMERCIAL PROPERTY-COMMERCIAL PROPERTY FINANCE AND INVESTMENT
942 _n0
999 _c65960
_d65960